01341nam a22001097a 4500008004100000100004700041245006100088260003400149300003200183520098200215773003401197260427b ||||| |||| 00| 0 eng d a Vedula, Aparna C. and Chavan, Priya M.  aUnified urban development control: The Maharashtra poser aEconomic & Political Weekly  a61(6), Feb 7, 2026: p.85-88 aSince 1979, Maharashtra’s urban development regulation has followed a distinctly expert-driven, technocratic trajectory, with development control regulations progressively standardised and unified to apply common development parameters promoting a radically higher intensity of spatial development across urban and rural geographies. This was institutionalised in 2020 through the Unified Development Control and Promotion Regulations, which centralise planning authority, undermine constitutionally mandated powers of local bodies, and impose a uniform paradigm of metropolitan built-form logics and high development intensities on small towns and rural settlements. Thereby, they marginalise need-based, incremental, and self-built forms of urbanisation and act as an instrument to compel the alignment of local development trajectories with global investment aspirations.-Reproduced https://www.epw.in/journal/review-urban-affairs/unified-urban-development-control.html  aEconomic & Political Weekly